000 00412nam a22001217a 4500
082 _a220 PRO
100 _aGC Muhammad Kamran Shafi GC Muhammad Aamir Khan GC Aqib Mehmood
_973073
245 _aPR-SOF-1930-Design and Fabrication of Electromagnetic Coil Gun
300 _aISLAMABAD
_bNUST COLLEGE OF EME
_e2020
650 _aDE-COMP-38
700 _aProject Supervisor ASST PROF Saheeb Kayani
_973074
942 _cCR
999 _c578952
_d578952